000 00420nam a2200169Ia 4500
008 241115s9999 xx 000 0 und d
020 _a81-317-1740-2
082 _a515.4 GER
100 _aGerald, F.Curtis
245 0 _aApplied Numerical Analysis
250 _a7th ed.
260 _aIndia:
_bPearson,
_c2009
300 _ax,609p.
600 _aHumanities & Natural Science
650 _aMathematics
942 _cBBD
999 _c26462
_d26462